000 01820cam a22004574i 4500
003 PE-LiUPU
005 20250731173402.0
008 150706s r 000 0 d
020 _a9780758907165
035 _a(Sirsi) i9780758907165
040 _aPE-LiUPU
_bspa
_cPE-LiUPU
_erda
049 _aPRUA
082 0 4 _a269.2
_bR74
_221
100 1 _aRodríguez, Daniel,
_eautor.
245 1 0 _aGanemos a los testigos /
_cDaniel Rodríguez.
264 1 _aOntario :
_bChick Publications,
_c2008.
300 _a111 páginas ;
_c20 cm.
336 _atext
_2rdacontent
337 _aunmediated
_2rdamedia
338 _avolume
_2rdacarrier
505 0 _aLa Sociedad Watchtower: La Fuente de Interpretación y Control -- El Propósito y el Valor Eterno de Watchtower -- Elementos Clave para una Evangelización Efectiva -- ¿Murió Jesús en una Cruz? -- ¿Quién Resucitó a Jesús? -- El Costo de Salir de la Sociedad Watchtower -- Cómo Presentar el Plan de Salvación -- El Recorrido Hacia la Gracia.
526 _aSEG42
526 _aSEG41
526 _aSEG40
526 _aSEG39
526 _aP94
526 _aP87
526 _aP86
526 _aP85
526 _aP77
526 _aP76
526 _aP35
541 _g001-0000514;
650 0 4 _aEvangelización
_vMetodología.
910 _bjv
_cng
_d20110603
942 _2ddc
_cBOOK
949 _a269.2 R74
_wDEWEY
_c1
_i63077
_lCCODEBUL1
_mBUL
_p8.00
_r0
_sY
_tBOOK
_u2015-7-6
_xTEOLOGIA
_PP35
_o.STAFF. Colección General
994 _aC0
_bPEPRU
596 _a1
999 _a269.2 R74
_wDEWEY
_c52093
_i63077
_f2021-11-10
_g5
_lCCODEBUL1
_mBUL
_p8.00
_r0
_sY
_tBOOK
_u2015-7-6
_xTEOLOGIA
_PP35
_0COMPRA
_o.STAFF. Colección General
_d52093
980 _81
_gALBERTO SANCHEZ Responsable de Automatización